KOHA-Header-6

A First Book of Java (Record no. 8268)

000 -LEADER
fixed length control field 00260nam a2200109Ia 4500
100 ## - MAIN ENTRY--AUTHOR NAME
Personal name Bronson Gary
245 #2 - TITLE STATEMENT
Title A First Book of Java
260 ## - PUBLICATION, DISTRIBUTION, ETC. (IMPRINT)
Place of publication New York
Name of publisher Prentice Hall
Year of publication 1998
300 ## - PHYSICAL DESCRIPTION
Number of Pages 148
942 ## - ADDED ENTRY ELEMENTS (KOHA)
Koha item type Books
Holdings
Withdrawn status Lost status Permanent Location Current Location Date acquired Full call number Accession Number Koha item type
    MAJU MAJU 2019-09-13 005.12 2869 Books

Powered by Koha